Los ídolos del teatro: ensayo de inspección estética teatral
Furkejuvvon:
| Váldodahkki: | |
|---|---|
| Materiálatiipa: | Girji |
| Giella: | Undetermined |
| Almmustuhtton: |
San José, Costa Rica
Trejos Hermanos
1957
|
| Fáttát: | |
| Fáddágilkorat: |
Lasit fáddágilkoriid
Eai fáddágilkorat, Lasit vuosttaš fáddágilkora!
|
MARC
| LEADER | 00000nam a2200000Ia 4500 | ||
|---|---|---|---|
| 008 | 170316s9999 xx 000 0 und d | ||
| 090 | |a 100 V-17i | ||
| 100 | |a Vincenzi, Moises | ||
| 245 | |a Los ídolos del teatro: ensayo de inspección estética teatral | ||
| 260 | |a San José, Costa Rica | ||
| 260 | |b Trejos Hermanos | ||
| 260 | |c 1957 | ||
| 300 | |a 44 páginas | ||
| 650 | |a FILOSOFÍA | ||
| 650 | |a ESTÉTICA | ||
| 999 | |c 17848 |d 17848 | ||
| 040 | |a cru BVZT | ||
| 942 | |c 15 D |h 100 V-17i |2 z | ||
